LIBRARY & INFORMATION CENTRE, KCAET, TAVANUR

ONLINE PUBLIC ACCESS CATALOGUE (OPAC)

Laborarory hand book for agricultural analysts / (Record no. 10329)

MARC details
000 -LEADER
fixed length control field 00454cam a2200169ua 4500
041 ## - LANGUAGE CODE
Language code of text/sound track or separate title eng
082 ## - DEWEY DECIMAL CLASSIFICATION NUMBER
Classification number 028.7163C
Item number ISW/LA
100 ## - MAIN ENTRY--AUTHOR NAME
Personal name Iswaran, V .
245 ## - TITLE STATEMENT
Title Laborarory hand book for agricultural analysts /
260 ## - PUBLICATION, DISTRIBUTION, ETC. (IMPRINT)
Place of publication :
Name of publisher Today and Tomorrow`s Printers and publishers ,
Year of publication 1980.
300 ## - PHYSICAL DESCRIPTION
Number of Pages 301 ; .
942 ## - ADDED ENTRY ELEMENTS (KOHA)
Koha item type Books
Holdings
Withdrawn status Lost status Damaged status Home library Current library Date acquired Full call number Accession Number Koha item type
      KAUAET KAUAET 07/04/2012 028.7163C 14473 Reference
free website counter